000 00777nam a2200301Ia 4500
001 1603
003 IT-RoPAU
008 130308s9999 xx 000 0 und d
040 _aIT-RoPAU
040 _cIT-RoPAU
041 _aITALIANO
100 _aGuerra Rui
100 _gCodice Aut. SPICS: 11988
245 _aRui Guerra chiede la parola
245 _bBrasile: Cinema novo e Dopo
250 _a1a ed.
260 _aVENEZIA
260 _bMarsilio
260 _c1981 [1° Ed.:1981 - Ed.Ling.Originale:1977]
300 _a"15 p. (prefazione: no ; testo: 15 [pagine: 119-131])"
500 _aCinema Brasiliano
650 _aSTORIA NAZIONALE DEL CINEMA
650 _eCodice materia Spics: 6809
942 _cBK
957 _71
999 _c54467
_d54467
999 _bSI
999 _g1